000 00480nam a2200181Ia 4500
005 20250508151455.0
008 008 250505s9999 xx 000 0 eng d
037 _aTextual
040 _aFEDL
_beng
_cFEDL
041 _aeng
_2eng
084 _a821.91, DOB
_qFEDL
100 _aDobree Bonamy
245 0 _aRudyard Kipling
260 _aLondon, UK
_bLongmans, Green and Co.
_c1951
300 _a55p
942 _cTEXL
_h821.91, DOB
999 _c1330037
_d1330037